000 01190cad a22002055a 4500
001 L150375
008 100707e2010 xxk 000 0 eng d
035 _a(Sirsi) u150375
041 0 _aeng
050 _a333.72 $1 8
110 2 _aGreen Investment Bank Commission
245 0 0 _aUnlocking investment to deliver Britain's low carbon future
_breport
_h[electronic resource]
260 _aLondon
_bGIBC
_c2010
520 _aGreen Investment Bank (GIB), an independent advisory group, identifies how the UK can more effectively support investment from the private sector to assist Britain's transition to a low carbon economy; proposals; glossary of investment terms; green investment challenge; renewable energy; country comparisons; barriers.
590 _aKA NTK
651 4 _aUnited Kingdom
_y
690 _aENVIRONMENTAL AND LAND CONSULTANCY-ENERGY-ENERGY USE-ENERGY EFFICIENCY
856 4 8 _uhttps://www.climatechangecapital.com/media/108890/unlocking%20investment%20to%20deliver%20britain's%20low%20carbon%20future%20-%20green%20investment%20bank%20commission%20report%20-%20final%20-%20june%202010.pdf
_zView the website free of charge at www.climatechangecapital.com
942 _n0
999 _c82482
_d82482